Statistics for ULTIMATE MARVEL CINEMATIC UNIVERSE (MCU) QUIZ

Click here to take the quiz!

General Stats

  • This quiz has been taken 6,028 times
    (5,994 since last reset)
  • The average score is 17 of 50

Answer Stats

HintAnswer% Correct
What is Captain America's shield made of?Vibranium
84%
What new character is introduced in Civil War during the Airport battle?Spider-Man
75%
Which movie takes place during Christmas time?Ironman 3
74%
Who currently has possession of the Mind Stone?Vision
66%
"He's fast and she's weird." (Referencing?)Pietro and Wanda Maximoff
61%
What is the Space Stone known as?The Tesseract
57%
What is the name of Thors Hammer?Mjolnir
56%
There are 3 Sanctums proteced by sorcerers. New York, London and?Hong Kong
53%
"I realize the council has made a descision but given that it's a stupid ass descision, I've elected to ignore it!"Nick Fury
53%
What bill does the United Nations pass that oversees and controls the avengers?Sokovia Accords
53%
What is War Machine's new name after he is given a paint job?Iron Patriot
50%
Whom is the Reality stone intrusted to?The Collector
47%
In the First Avenger, Cap wakes up in a recovery room listening to a radio that was playing a baseball game he had previously attended. What year did that baseball game take place?1941
46%
What is The Winter Soldiers full name?James Buchanan Barnes
44%
What macroscopic world is near impossible to come back from?The Quantum Realm
44%
While poking around, where does Stark discover where Peter Parker kept is homemade Spidey Suit?Ceiling
43%
What is the Reality stone known as?The Aether
43%
What is the Power stone known as?The Orb
42%
Who does Thor enlist the help of in finding his father Odin?Doctor Strange
40%
Which scientist helps the Red Skull with his evil plans and later reincarnated into a computer program?Arnim Zola
38%
What job does Scott Lang get after being released from prison?Baskin Robbins
36%
Who goes from long time friend and partner turned arch nemisis, Iron Monger?Obadiah Stane
36%
What realm do the Frost Giants come from?Jotunheim
33%
What is the Time stone known as?The Eye of Agamotto
33%
After the Gaurdians escape the prison, they flee to Knowhere, a remote criminal outpost in space built in the giant severed head of aCelestial
31%
What important character does Malekith kill?Frigga
31%
Before we meet Dr. Samuel Sterns in The Incredible Hulk, he goes by what alias?Mr. Blue
30%
What event is crashed by Justin Hammer and Ivan Vanko at the end of Ironman 2?The Stark Expo
30%
What actor plays black market arms dealer Ulysses Klaue?Andy Serkis
28%
What object chose Doctor Strange?Cloak of Levitation
28%
What is the title of the song that plays during the opening credits of Gaurdians of the Galaxy?Come and Get Your Love
28%
Who is trapped in the cave with Tony Stark?Yinsen
26%
What character has a cameo in a post credits scene and says the line, "Why do you let it lick you like that for? Gross."Howard The Duck
25%
What prison is Roger's team being kept at, at the end of Civil War?The Raft
24%
Which actor plays Chester Phillips in Captian America: The First Avenger?Tommy Lee Jones
24%
The experimental regenerative treatment intended to allow recovery from injuries invented by Aldrich Killian is called?Extremis
23%
In Ant-Man, Stan Lee's cameo character is a?Bartender
21%
Thor uses what false identity when escaping the Shield base in New Mexico?Donald Blake
21%
Which company in the biggest competitor to Stark Industries?Hammer Tech
21%
Where does the climactic battle of The Incredible Hulk take place?Harlem
20%
What element does stark use to power the arc reactor for his suits before creating the new element that he uses now?Palladium
19%
Who uses Loki's Scepter to experiment on humans?Wolfgang Von Strucker
19%
What does J.A.R.V.I.S. stand for?Just A Rather Very Intelligent System
15%
What does S.H.I.E.L.D. stand for?Strategic Homeland Intervention Enforcement and Logistics Division
15%
Who is the only actor to portray 2 roles within the MCU?Paul Bettany as Jarvis/Vision
14%
Where is Dr. Banner located when Natasha goes to recruit him into the Avengers?Calcutta
13%
"There is nothing more reassuring than realizing that the world is crazier than you are."Eric Selvig
11%
What university does Betty Ross work at as a cellular biologist?Culver University
5%
What did Heimdall use to send Thor to Earth after the Bifrost had been destroyed?Dark Matter
4%
What is the technical term for the military winged Jet-pack system Sam WIlson uses?EXO-7 Falcon
3%

Score Distribution

Percentile by Number Answered

Percent of People with Each Score

Your Score History

You have not taken this quiz since the last reset